000 01806 a2200229 4500
001 39345
005 20260407155652.0
008 260407a1970 arg spa d
003 AR-UNSa-BCEJYS
040 _aAR-UNSa-BCEJYS
_bspa
_cAR-UNSa-BCEJYS
080 _a614.2
_xOrganización pública y profesional de la sanidad
245 1 0 _aDirección y organizaciones de clínicas y hospitales
_puna guia para el desarrollo de los sistemas dedirección de clínicas y hospitales
264 1 _aMadrid :
_bIberico Europea de Ediciones
_c1970
300 _a555 p.
_c22 cm.
505 _a1. Introducción - 2. El papel de la tradición - 3. El tema de la singularidad - 4. El movimiento de mejora de los métodos - 5. Enseñanza y aplicación - 6. Establecimiento del programa de organización - 7. Actividades de servicios - 8. Actividades educativas - 9. Actividades de investigación - 10. Problemas de dirección y estudios de organización industrial - 11. Mejora de métodos - 12. Control de flujo de información - 13. Medición del trabajo humano - 14. Aplicación de tiempos standard - 15. Muestreo de las actividades de hospital - 16. Análisis y valoración de tareas - 17. Motivación y retribución del empleo - 18. Acerca de la variabilidad - 19. Previsión dwe necesidades futuras - 20. Planificación y control - 21. Lineas de espera y densidad de flujo - 22. Diseño de instalaciones y utilización del espacio - 23. Evaluación económica y de costos - 24. Asignación de recursos - 25. Proceso automático ed datos - 26. Decisiones de gestión.
041 _aspa
942 _cBK
590 _aniveau_biblio:m niveau_hierar:0
100 1 _aSmalley, Harold E.
700 1 _aFreeman, Johon R.
856 4 1 _uhttps://biblioeco.unsa.edu.ar/pmb/images/libros/L24296.jpg
_yImagen de portada
_qimage/jpeg
999 _c3025
_d3025